U.S. States with Y - Statistics

General Stats
  • This quiz has been taken 221 times
    197 since last reset
  • The average score is 4 of 6
Answer Stats
Y state % Correct
Wyoming
84%
New York
81%
New Jersey
61%
Kentucky
60%
Maryland
45%
Pennsylvania
36%
No matching quizzes found
Score Distribution
Percent of People with Each Score
Percentile by Number Answered
Your Score History
You have not taken this quiz since the last reset